The video game theory reader

Αποθηκεύτηκε σε:
Λεπτομέρειες βιβλιογραφικής εγγραφής
Άλλοι συγγραφείς: Wolf, Mark J. P. (Επιμελητής έκδοσης), Perron, Bernard (Επιμελητής έκδοσης)
Μορφή: Βιβλίο
Γλώσσα:English
Δημοσίευση: New York : Routledge, [c2003]
Θέματα:
Ετικέτες: Προσθήκη ετικέτας
Δεν υπάρχουν, Καταχωρήστε ετικέτα πρώτοι!

MARC

LEADER 00000cam a2200000 i 4500
001 1/54547
008 070912s2003 eng d
020 |a 0-415-96579-9 (pbk.) 
035 |l 10090606 
040 |a GR-MY-UA  |b gre  |e aacr 
041 0 |a eng 
082 0 |a 794.8  |2 (22) 
245 1 4 |a The video game theory reader /  |c edited by Mark J.P. Wolf and Bernard Perron 
260 |a New York :   |b Routledge,   |c [c2003] 
300 |a xxii, 343 σ.;  |b εικ.;  |c 24 εκ. 
504 |a Περιέχει βιβλιογραφικές παραπομπές και ευρετήριο 
650 0 0 |a Video games. 
700 1 |a Wolf, Mark J. P.  |e edt 
700 0 |a Perron, Bernard,  |e edt 
852 |a INST  |b LESVOS  |e 20070912  |h 794.8 VID  |p 005100041162  |q 005100041162  |t BK  |y 0 
852 |a INST  |b RHODES  |e 20080412  |h 794.8 VID  |p 005400029424  |q 005400029424  |t BK  |y 0 
901 |a BIBL1-2007-3 
901 |a BIBL4-2008-2 
909 |a Λ  |b 137944 
909 |a Ρ  |b 151281 
922 |a 1ΕΛΗ  |b 200707  |c ΕΠΕΑΕΚ2/ΠΤΕ  |d ΕΛΕΥΘΕΡΟΥΔΑΚΗΣ 
922 |a 4ΕΛΗ  |b 200803  |c ΕΠΕΑΕΚ2/ΤΕΠΑΕΣ  |d ΠΑΠΑΣΩΤΗΡΙΟΥ 
970 |a ΚΑΡΑ  |b ΓΙΑΣΕΜΗ  |z 2007/09/12